Music Quiz

Random Music or Bands Quiz

30 Two-Word 'S' Musicians Match-Up Quiz Stats

Quiz Updated Nov 1, 2015

Challenge
Share
Tweet
Score 0/30 Timer 05:00
2 Plays Today
% Correct
Snoop
98.6%
Sex
97.2%
Spice
96.9%
Stevie
96.7%
Snow
88.4%
Steely
87.7%
Smokey
87.6%
Simple
86.6%
Sonic
81.6%
Savage
81.5%
Sum
78.8%
Soulja
78.6%
Soft
73.1%
Simply
72.3%
Sleigh
72.3%
% Correct
Spandau
72.3%
Scissor
72%
Social
67.3%
Sara
66.8%
Sigur
52%
Sonny
48.9%
Sneaker
47.3%
Silversun
43.5%
Skinny
42.5%
Sufjan
42.5%
Shocking
41.7%
Serge
36.9%
Skunk
29.9%
Sonata
22.3%
Sage
21.8%

You're not logged in!

Compare scores with friends on all Sporcle quizzes.
Sign Up with Email
OR
Log In

You Might Also Like...

Show Comments

Extras

Top Quizzes Today


Score Distribution

Your Account Isn't Verified!

In order to create a playlist on Sporcle, you need to verify the email address you used during registration. Go to your Sporcle Settings to finish the process.